| 000 -LEADER |
| fixed length control field |
01739 a2200421 4500 |
| 003 - CONTROL NUMBER IDENTIFIER |
| control field |
OSt |
| 005 - DATE AND TIME OF LATEST TRANSACTION |
| control field |
20180116192340.0 |
| 008 - FIXED-LENGTH DATA ELEMENTS--GENERAL INFORMATION |
| fixed length control field |
111115t xxu||||| |||| 00| 0 eng d |
| 020 ## - INTERNATIONAL STANDARD BOOK NUMBER |
| International Standard Book Number |
1424821916 |
| 024 1# - OTHER STANDARD IDENTIFIER |
| Standard number or code |
043396155190 |
| 028 42 - PUBLISHER NUMBER |
| Publisher number |
043396155190 |
| Source |
Sony Pictures |
| 040 ## - CATALOGING SOURCE |
| Transcribing agency |
0 |
| 082 ## - DEWEY DECIMAL CLASSIFICATION NUMBER |
| Classification number |
720.92 |
| 245 10 - TITLE STATEMENT |
| Title |
Sketches of frank gehry by sydney pollack |
| Medium |
[videorecording] / |
| Statement of responsibility, etc. |
Frank O. Gehry, Sydney Pollack, Julian Schnabel, Charles Arnoldi, Barry Diller, Brainerd Taylor, Caroline Stevens, Cathrine Ellis, Hiro Yamagata, Julie Goldman, Krysanne Katsoolis, Maya Hoffmann. |
| 260 ## - PUBLICATION, DISTRIBUTION, ETC. |
| Place of publication, distribution, etc. |
Califonia : |
| Name of publisher, distributor, etc. |
Sony Pictures, |
| Date of publication, distribution, etc. |
2006. |
| 300 ## - PHYSICAL DESCRIPTION |
| Extent |
1 videodisc (83 min.) : |
| Other physical details |
sd., col ; |
| Dimensions |
4 3/4 in. |
| 511 1# - PARTICIPANT OR PERFORMER NOTE |
| Participant or performer note |
Starring Frank O. Gehry, Sydney Pollack, Julian Schnabel, Charles Arnoldi, Barry Diller. |
| 520 ## - SUMMARY, ETC. |
| Summary, etc. |
SKETCHES OF FRANK GEHRY - DVD Movie. |
| 538 ## - SYSTEM DETAILS NOTE |
| System details note |
AC-3, Closed-captioned, Color, Dolby, DVD, Subtitled, Widescreen, NTSC. |
| 650 0# - SUBJECT ADDED ENTRY--TOPICAL TERM |
| Topical term or geographic name entry element |
Documentary films |
| Geographic subdivision |
United States |
| 9 (RLIN) |
167 |
| 650 0# - SUBJECT ADDED ENTRY--TOPICAL TERM |
| Topical term or geographic name entry element |
Vitra Design Museum |
| 9 (RLIN) |
168 |
| 650 0# - SUBJECT ADDED ENTRY--TOPICAL TERM |
| Topical term or geographic name entry element |
Biographical films |
| 9 (RLIN) |
169 |
| 700 1# - ADDED ENTRY--PERSONAL NAME |
| Personal name |
Gehry, Frank O. |
| 9 (RLIN) |
170 |
| 700 1# - ADDED ENTRY--PERSONAL NAME |
| Personal name |
Pollack, Sydney. |
| 9 (RLIN) |
171 |
| 700 1# - ADDED ENTRY--PERSONAL NAME |
| Personal name |
Schnabel, Julian. |
| 9 (RLIN) |
172 |
| 700 1# - ADDED ENTRY--PERSONAL NAME |
| Personal name |
Arnoldi, Charles. |
| 9 (RLIN) |
173 |
| 700 1# - ADDED ENTRY--PERSONAL NAME |
| Personal name |
Diller, Barry. |
| 9 (RLIN) |
174 |
| 700 1# - ADDED ENTRY--PERSONAL NAME |
| Personal name |
Taylor, Brainerd. |
| 9 (RLIN) |
175 |
| 700 1# - ADDED ENTRY--PERSONAL NAME |
| Personal name |
Stevens, Caroline. |
| 9 (RLIN) |
176 |
| 700 1# - ADDED ENTRY--PERSONAL NAME |
| Personal name |
Ellis, Cathrine. |
| 9 (RLIN) |
177 |
| 700 1# - ADDED ENTRY--PERSONAL NAME |
| Personal name |
Yamagata, Hiro. |
| 9 (RLIN) |
178 |
| 700 1# - ADDED ENTRY--PERSONAL NAME |
| Personal name |
Goldman, Julie. |
| 9 (RLIN) |
179 |
| 700 1# - ADDED ENTRY--PERSONAL NAME |
| Personal name |
Katsoolis, Krysanne. |
| 9 (RLIN) |
180 |
| 700 1# - ADDED ENTRY--PERSONAL NAME |
| Personal name |
Hoffmann, Maya. |
| 9 (RLIN) |
181 |
| 856 40 - ELECTRONIC LOCATION AND ACCESS |
| Materials specified |
Amazon.com |
| Uniform Resource Identifier |
<a href="http://www.amazon.com/exec/obidos/ASIN/B000GFRI6I/chopaconline-20">http://www.amazon.com/exec/obidos/ASIN/B000GFRI6I/chopaconline-20</a> |
| 942 ## - ADDED ENTRY ELEMENTS (KOHA) |
| Institution code [OBSOLETE] |
SADA |
| Koha item type |
|
| Call number prefix |
CD 720.92 POL 2006 |
| Source of classification or shelving scheme |
|